Cir̲utān̲iya uṇavu vakaikaḷ / (Record no. 172466)

MARC details
000 -LEADER
fixed length control field 00714nam a22002297i 4500
005 - DATE AND TIME OF LATEST TRANSACTION
control field 20190429161318.0
008 - FIXED-LENGTH DATA ELEMENTS--GENERAL INFORMATION
fixed length control field 190429s2017 ii o|||g |||| 00| 0|tam d
020 ## - INTERNATIONAL STANDARD BOOK NUMBER
International Standard Book Number 9789836804884
Terms of availability RM13.50
Qualifying information paperback
040 ## - CATALOGING SOURCE
Original cataloging agency PPAK
Language of cataloging eng
Transcribing agency PPAK
Description conventions rda
082 04 - DEWEY DECIMAL CLASSIFICATION NUMBER
Classification number 641.6357
Edition number 23
090 00 - LOCALLY ASSIGNED LC-TYPE CALL NUMBER (OCLC); LOCAL CALL NUMBER (RLIN)
Classification number (OCLC) (R) ; Classification number, CALL (RLIN) (NR) 641.6357
Feature heading ILA
Feature heading G
100 00 - MAIN ENTRY--PERSONAL NAME
Personal name Ilaṭcumi,
Relator term author
245 10 - TITLE STATEMENT
Title Cir̲utān̲iya uṇavu vakaikaḷ /
Statement of responsibility, etc. Ilaṭcumi
264 #1 - PRODUCTION, PUBLICATION, DISTRIBUTION, MANUFACTURE, AND COPYRIGHT NOTICE
Place of production, publication, distribution, manufacture Chennai, India :
Name of producer, publisher, distributor, manufacturer Minerva Publications,
Date of production, publication, distribution, manufacture, or copyright notice 2017
300 ## - PHYSICAL DESCRIPTION
Extent 132 pages :
Other physical details photographs (black and white) ;
Dimensions 18 cm
336 ## - CONTENT TYPE
Source rdacontent
Content type term text
337 ## - MEDIA TYPE
Source rdamedia
Media type term unmediated
338 ## - CARRIER TYPE
Source rdacarrier
Carrier type term volume
650 10 - SUBJECT ADDED ENTRY--TOPICAL TERM
Topical term or geographic name entry element Cookery (Herbs)
Topical term or geographic name entry element Cooking, Indian
942 ## - ADDED ENTRY ELEMENTS (KOHA)
Source of classification or shelving scheme Dewey Decimal Classification
Koha item type Book
Holdings
Withdrawn Not for loan Current library Shelving location Date acquired Total Checkouts Total Renewals Full call number Barcode Date last seen Date last checked out Koha item type
    Perpustakaan Alor Setar Pinjaman Dewasa 28/05/2019 1 1 641.6357 ILA A01599163 11/01/2020 28/11/2019 Book
    Perpustakaan Kulim Pinjaman Dewasa 28/05/2019 2 1 641.6357 ILA A01599164 03/07/2023 20/05/2023 Book